| 000 | 01071nam a2200349 a 4500 | ||
|---|---|---|---|
| 999 |
_c23118 _d23118 |
||
| 001 | vtls011724962 | ||
| 005 | 20220131100558.0 | ||
| 008 | 200507s2017 xr g 000 f slo c | ||
| 020 |
_a9788075840226 _q(viazané) |
||
| 035 | _aurn:nbn:sk:snk-am00e095 | ||
| 035 | _aurn:nbn:sk:snk-am3iabf | ||
| 035 | _aCA66C4B1-C429-4A97-A200-D82656A8BE6B | ||
| 040 |
_aPPPK _bslo _cPPPK _dSNK _erda |
||
| 041 | 0 | _aslo | |
| 044 |
_axr _cCZ |
||
| 072 | 7 |
_a821.162.4-3 _xSlovenská próza _2konspekt |
|
| 080 |
_a821.162.4-31 _22001 |
||
| 100 | 1 |
_aČerňanský, Roman, _d1982- _4aut _92624 |
|
| 245 | 1 | 0 |
_aZámena _cRoman Čerňanský |
| 250 | _aPrvé vydanie | ||
| 264 |
_aPraha _bBrána _c2017 |
||
| 300 |
_a186 strán _c19 cm |
||
| 336 |
_atext _btxt _2rdacontent |
||
| 337 |
_abez média _bn _2rdamedia |
||
| 338 |
_azväzok _bnc _2rdacarrier |
||
| 500 | _aObsahuje biografické a profesijné údaje o autorovi na záložke prebalu | ||
| 655 | 7 |
_aslovenské romány _2SNKPH _91694 |
|
| 655 | 7 |
_aSlovak fiction _2SNKPH _91695 |
|
| 958 | _aZS | ||
| 958 | _aLX | ||
| 958 | _aCZ | ||